[Event "4NCL/Div3/PAND vs. CAMB2"]
[Site "Birmingham ENG"]
[Date "2007.11.11"]
[Round "4.7"]
[White "Coates, David"]
[Black "Gooding, Ian"]
[Result "1-0"]
[WhiteElo "2029"]
[BlackElo "1987"]
[PlyCount "51"]
[EventDate "2007.11.11"]
[EventType "team"]
[EventRounds "11"]
[EventCountry "ENG"]
[SourceDate "2007.09.15"]

1. e4 e6 2. d4 d5 3. Nc3 Nf6 4. Bg5 Be7 5. e5 Nfd7 6. Bxe7 Qxe7 7. f4 O-O 8.
Nf3 c5 9. Qd2 Nc6 10. dxc5 f6 11. exf6 Qxf6 12. g3 Nxc5 13. O-O-O a6 14. Qe3
Qe7 15. Bg2 b5 16. Nd4 Nxd4 17. Rxd4 Ra7 18. Re1 Re8 19. b4 Na4 20. Nxd5 exd5
21. Bxd5+ Be6 22. Bxe6+ Kf8 23. Rd5 g6 24. Qd4 Qg7 25. Ree5 Rxe6 26. Rd8+ 1-0

[Event "4NCL/Div3/PAND vs. CAMB2"]
[Site "Birmingham ENG"]
[Date "2007.11.11"]
[Round "4.8"]
[White "Owens, Megan"]
[Black "Gallagher, Marie"]
[Result "1-0"]
[WhiteElo "1820"]
[BlackElo "1730"]
[PlyCount "117"]
[EventDate "2007.11.11"]
[EventType "team"]
[EventRounds "11"]
[EventCountry "ENG"]
[SourceDate "2007.09.15"]

1. d4 Nf6 2. c4 g6 3. Nc3 Bg7 4. Nf3 O-O 5. g3 e6 6. Bg2 Nc6 7. O-O d5 8. e3
Re8 9. h3 h6 10. Nd2 Ne7 11. b3 Nf5 12. Bb2 c6 13. Nf3 Nd7 14. Qd2 Qc7 15. Rac1
dxc4 16. bxc4 Nb6 17. Qe2 a6 18. Ne4 Nd7 19. Ba3 Nf6 20. Nfd2 b5 21. cxb5 axb5
22. Nxf6+ Bxf6 23. Bxc6 Rxa3 24. Bxe8 Qb8 25. Qxb5 Bb7 26. Ne4 Rxa2 27. Nxf6+
Kg7 28. Qe5 Qxe5 29. dxe5 Nxg3 30. Bc6 Ne2+ 31. Kg2 Nxc1 32. Rxc1 Bxc6+ 33.
Rxc6 Ra8 34. Kg3 Ra5 35. Nd7 Rd5 36. Rd6 Ra5 37. Kf4 Ra4+ 38. Rd4 Ra1 39. Kf3
Rh1 40. h4 Ra1 41. Nc5 Ra5 42. Nd3 Ra7 43. Kg4 Ra1 44. Kf3 Ra7 45. Rf4 Rd7 46.
Ke4 Rd5 47. Nb4 Rd7 48. Na2 Rd2 49. Nc3 Rd7 50. Nb5 Kg8 51. Kf3 Kg7 52. Nd6 h5
53. Rd4 Ra7 54. Rb4 Ra5 55. Rb5 Ra4 56. e4 Ra3+ 57. Kg2 Ra8 58. Rb7 Rf8 59. Kg3
1-0

[Event "4NCL/Div3/SWD2 vs. NWE2"]
[Site "Birmingham ENG"]
[Date "2007.11.11"]
[Round "4.1"]
[White "Rees, Gwynfor"]
[Black "Charleshouse, Glenn L"]
[Result "0-1"]
[WhiteElo "2097"]
[BlackElo "2229"]
[PlyCount "54"]
[EventDate "2007.11.11"]
[EventType "team"]
[EventRounds "11"]
[EventCountry "ENG"]
[SourceDate "2007.09.15"]

1. c4 e6 2. Nf3 Nf6 3. Nc3 Bb4 4. Qc2 b6 5. g3 Bb7 6. Bg2 O-O 7. a3 Bxc3 8.
Qxc3 c5 9. O-O d6 10. b4 Qe7 11. Bb2 Nbd7 12. d3 Rfc8 13. e4 a6 14. Nd2 Rab8
15. f4 b5 16. Rae1 cxb4 17. axb4 Ne8 18. Nb3 bxc4 19. dxc4 Nb6 20. Na5 Na4 21.
Qa3 Nxb2 22. Qxb2 Ba8 23. Rb1 Nf6 24. Qe2 e5 25. f5 Qc7 26. g4 Rxb4 27. Rxb4
Qc5+ 0-1

[Event "4NCL/Div3/SWD2 vs. NWE2"]
[Site "Birmingham ENG"]
[Date "2007.11.11"]
[Round "4.2"]
[White "Hanley, James"]
[Black "Brown, Alan M"]
[Result "1-0"]
[WhiteElo "2248"]
[BlackElo "2136"]
[PlyCount "35"]
[EventDate "2007.11.11"]
[EventType "team"]
[EventRounds "11"]
[EventCountry "ENG"]
[SourceDate "2007.09.15"]

1. e4 e6 2. d4 d5 3. Nd2 Nf6 4. e5 Nfd7 5. Bd3 b6 6. c3 Ba6 7. Bxa6 Nxa6 8. Ne2
c5 9. O-O g6 10. Nf3 Nab8 11. c4 cxd4 12. cxd5 Bg7 13. Bg5 Qc8 14. dxe6 fxe6
15. Nexd4 Nc5 16. b4 Ne4 17. Rc1 Qd7 18. Nxe6 1-0

[Event "4NCL/Div3/SWD2 vs. NWE2"]
[Site "Birmingham ENG"]
[Date "2007.11.11"]
[Round "4.3"]
[White "Thomas, Joseff"]
[Black "Hughes, Howard R"]
[Result "0-1"]
[WhiteElo "2077"]
[BlackElo "2213"]
[PlyCount "60"]
[EventDate "2007.11.11"]
[EventType "team"]
[EventRounds "11"]
[EventCountry "ENG"]
[SourceDate "2007.09.15"]

1. e4 d5 2. d4 dxe4 3. Nc3 e5 4. Qh5 Nf6 5. Qxe5+ Be7 6. Bf4 O-O 7. Qxc7 Nc6 8.
O-O-O Be6 9. Bb5 Qxc7 10. Bxc7 Rac8 11. Bg3 Rfd8 12. Nge2 Nb4 13. Kb1 Bf5 14.
Ba4 e3 15. fxe3 b5 16. Rhf1 Bg6 17. Bb3 a5 18. a4 bxa4 19. Bxa4 Nbd5 20. Bf2
Rb8 21. Kc1 Rdc8 22. Bb3 Nxc3 23. Nxc3 a4 24. Bxa4 Rxc3 25. bxc3 Ne4 26. Bb3
Ba3+ 27. Kb1 Nxc3+ 28. Ka1 Ra8 29. Bd5 Ra7 30. Bxf7+ Bxf7 0-1

[Event "4NCL/Div3/SWD2 vs. NWE2"]
[Site "Birmingham ENG"]
[Date "2007.11.11"]
[Round "4.4"]
[White "Hulmes, David I"]
[Black "Burton, Graham P"]
[Result "1-0"]
[WhiteElo "2225"]
[BlackElo "2123"]
[PlyCount "55"]
[EventDate "2007.11.11"]
[EventType "team"]
[EventRounds "11"]
[EventCountry "ENG"]
[SourceDate "2007.09.15"]

1. e4 c5 2. Nf3 e6 3. d4 cxd4 4. Nxd4 Nc6 5. Nc3 Qc7 6. f4 a6 7. Nxc6 Qxc6 8.
Bd3 b5 9. Qe2 Bb7 10. Bd2 Nf6 11. e5 Nd5 12. Be4 Qc5 13. O-O-O Rc8 14. Nxd5
Bxd5 15. Be3 Bc4 16. Qd2 Qe7 17. Kb1 f5 18. exf6 gxf6 19. b3 f5 20. Bf3 Bg7 21.
Bh5+ Kf8 22. Qxd7 Qxd7 23. Rxd7 Bd5 24. Bd2 Bd4 25. Bb4+ Bc5 26. Bc3 Rg8 27.
Rf7+ Ke8 28. Bf6 1-0

[Event "4NCL/Div3/SWD2 vs. NWE2"]
[Site "Birmingham ENG"]
[Date "2007.11.11"]
[Round "4.5"]
[White "Roberts, David L"]
[Black "Redmond, John"]
[Result "0-1"]
[WhiteElo "2140"]
[BlackElo "2221"]
[PlyCount "46"]
[EventDate "2007.11.11"]
[EventType "team"]
[EventRounds "11"]
[EventCountry "ENG"]
[SourceDate "2007.09.15"]

1. e4 e6 2. d4 d5 3. Nd2 Nc6 4. Ngf3 Nf6 5. e5 Nd7 6. Nb3 a5 7. Bf4 a4 8. Nc1
a3 9. b3 Be7 10. h4 f6 11. Bb5 O-O 12. Bxc6 bxc6 13. Nd3 c5 14. c3 Ba6 15. Nxc5
Bxc5 16. dxc5 Nxc5 17. Qd2 Nd3+ 18. Kd1 fxe5 19. Bg5 Qe8 20. Be3 c5 21. Ne1 d4
22. Nxd3 dxe3 23. Qxe3 Bxd3 0-1

[Event "4NCL/Div3/SWD2 vs. NWE2"]
[Site "Birmingham ENG"]
[Date "2007.11.11"]
[Round "4.6"]
[White "Lyell, Mark"]
[Black "Bennion, David A"]
[Result "1-0"]
[WhiteElo "2197"]
[BlackElo "2075"]
[PlyCount "79"]
[EventDate "2007.11.11"]
[EventType "team"]
[EventRounds "11"]
[EventCountry "ENG"]
[SourceDate "2007.09.15"]

1. e4 c6 2. d4 d5 3. exd5 cxd5 4. c4 Nf6 5. Nc3 Nc6 6. Bg5 Ne4 7. Nxe4 dxe4 8.
d5 Ne5 9. Qd4 f6 10. Qxe4 e6 11. Bd2 Qb6 12. Nf3 Bc5 13. O-O-O O-O 14. Nxe5
fxe5 15. Bd3 g6 16. Bc3 Bd4 17. Bxd4 exd4 18. Bc2 exd5 19. Qxd5+ Be6 20. Qxd4
Rxf2 21. Rhe1 Bf5 22. Bxf5 Rxf5 23. Re7 Qxd4 24. Rxd4 b5 25. Rdd7 Rc8 26. Rg7+
Kf8 27. Rc7 Rf1+ 28. Kc2 Rxc7 29. Rxc7 Rf2+ 30. Kc3 bxc4 31. Rxa7 h5 32. a4
Rxg2 33. a5 Rxh2 34. a6 Rh1 35. Rb7 Ra1 36. a7 h4 37. Rb8+ Kg7 38. a8=Q Rxa8
39. Rxa8 g5 40. Kd4 1-0

[Event "4NCL/Div3/SWD2 vs. NWE2"]
[Site "Birmingham ENG"]
[Date "2007.11.11"]
[Round "4.7"]
[White "van Kemenade, Rudy"]
[Black "Connor, Stephen J"]
[Result "1/2-1/2"]
[WhiteElo "2021"]
[BlackElo "2105"]
[PlyCount "54"]
[EventDate "2007.11.11"]
[EventType "team"]
[EventRounds "11"]
[EventCountry "ENG"]
[SourceDate "2007.09.15"]

1. e4 c5 2. Nf3 d6 3. Bb5+ Bd7 4. Bxd7+ Qxd7 5. O-O Nc6 6. c3 Nf6 7. d4 cxd4 8.
cxd4 Nxe4 9. d5 Ne5 10. Re1 Nxf3+ 11. Qxf3 Nf6 12. Nc3 e5 13. dxe6 fxe6 14. Bg5
Be7 15. Rad1 O-O 16. Qh3 h6 17. Bxf6 Bxf6 18. Qxe6+ Qxe6 19. Rxe6 Be5 20. Nd5
Rac8 21. Ne7+ Kf7 22. Rxe5 dxe5 23. Nxc8 Rxc8 24. Kf1 Ke6 25. Ke2 Rc2+ 26. Rd2
Rxd2+ 27. Kxd2 Kd5 1/2-1/2

[Event "4NCL/Div3/SWD2 vs. NWE2"]
[Site "Birmingham ENG"]
[Date "2007.11.11"]
[Round "4.8"]
[White "Morrison, Lynne"]
[Black "Wilson, Julie"]
[Result "0-1"]
[WhiteElo "1948"]
[BlackElo "1927"]
[PlyCount "46"]
[EventDate "2007.11.11"]
[EventType "team"]
[EventRounds "11"]
[EventCountry "ENG"]
[SourceDate "2007.09.15"]

1. d4 Nf6 2. Nf3 e6 3. e3 b6 4. Bd3 Bb7 5. Nbd2 c5 6. O-O Nc6 7. c3 cxd4 8.
exd4 Be7 9. Re1 O-O 10. Ne4 Rc8 11. Bf4 Nh5 12. Bd6 f5 13. Bxe7 Qxe7 14. Ned2
Nf4 15. Bc2 Qf6 16. Nf1 Ne7 17. Bd3 Neg6 18. g3 Nh3+ 19. Kg2 Qg5 20. Kxh3 Qg4+
21. Kg2 Nh4+ 22. Kg1 Nxf3+ 23. Kg2 Nxe1+ 0-1

[Event "4NCL/Div3/SLOS2 vs. ANGA1"]
[Site "Wokefield Park ENG"]
[Date "2008.01.12"]
[Round "5.1"]
[White "Van Weersal, Arlette"]
[Black "Spence, David"]
[Result "1-0"]
[WhiteElo "2168"]
[BlackElo "2198"]
[PlyCount "109"]
[EventDate "2008.01.12"]
[EventCountry "ENG"]
[SourceDate "2007.09.15"]

1. Nf3 Nf6 2. g3 d5 3. Bg2 e6 4. b3 Be7 5. Bb2 O-O 6. O-O a5 7. c4 a4 8. d3 b6
9. Nbd2 Bb7 10. Re1 Bb4 11. a3 Bxd2 12. Nxd2 axb3 13. Nxb3 Nbd7 14. Rc1 Ra7 15.
e4 dxc4 16. dxc4 Qa8 17. Qc2 c5 18. Rcd1 Re8 19. Rd6 e5 20. f3 Bc6 21. Nd2 Ba4
22. Qd3 Qb8 23. Nf1 Qc7 24. Ne3 Nb8 25. Qd2 Nfd7 26. Bh3 Nf8 27. Nf5 Nc6 28.
Qg5 Ng6 29. f4 Nd4 30. Bxd4 exd4 31. e5 Bd7 32. Nxg7 Kxg7 33. Rxd7 Qb8 34. Qf6+
Kh6 35. Qg5+ Kg7 36. Rxa7 Qxa7 37. f5 Qa5 38. Re2 d3 39. f6+ Kh8 40. Rd2 Qc3
41. e6 fxe6 42. f7 Qd4+ 43. Kf1 Rb8 44. Bxe6 Kg7 45. Qd5 Qxd5 46. Bxd5 Ne5 47.
a4 Nxf7 48. Rxd3 Ne5 49. Rb3 Rf8+ 50. Kg2 Rf6 51. h3 Rd6 52. Re3 Kf6 53. g4 Ng6
54. Kg3 Ne7 55. g5+ 1-0

[Event "4NCL/Div3/SLOS2 vs. ANGA1"]
[Site "Wokefield Park ENG"]
[Date "2008.01.12"]
[Round "5.2"]
[White "Talsma, Paul A"]
[Black "Kafka, Graeme"]
[Result "1-0"]
[WhiteElo "2235"]
[BlackElo "2110"]
[PlyCount "59"]
[EventDate "2008.01.12"]
[EventCountry "ENG"]
[SourceDate "2007.09.15"]

1. d4 d5 2. c4 c6 3. Nf3 Nf6 4. Nc3 dxc4 5. a4 Bf5 6. Nh4 Bc8 7. Nf3 Bf5 8. Nh4
Bc8 9. e3 e5 10. Bxc4 exd4 11. exd4 Be7 12. O-O O-O 13. Re1 Nd5 14. Nf3 Nxc3
15. bxc3 Bg4 16. Qd3 Bxf3 17. Qxf3 Nd7 18. Rb1 Nb6 19. Bd3 Bd6 20. Bd2 Qc7 21.
c4 Nc8 22. Re4 g6 23. h4 Rd8 24. c5 Bf8 25. Bc4 h5 26. Qf6 Rd5 27. Bxd5 cxd5
28. Re8 Qd7 29. Rxf8+ Kxf8 30. Qh8+ 1-0

[Event "4NCL/Div3/SLOS2 vs. ANGA1"]
[Site "Wokefield Park ENG"]
[Date "2008.01.12"]
[Round "5.4"]
[White "Player, Edmund C"]
[Black "Harborne, Matthew"]
[Result "1-0"]
[WhiteElo "2126"]
[BlackElo "2132"]
[PlyCount "121"]
[EventDate "2008.01.12"]
[EventCountry "ENG"]
[SourceDate "2007.09.15"]

1. e4 c6 2. d4 d5 3. Nc3 dxe4 4. Nxe4 Bf5 5. Ng3 Bg6 6. Nf3 Nd7 7. h4 h6 8. h5
Bh7 9. Bd3 Bxd3 10. Qxd3 Qc7 11. Bd2 Ngf6 12. O-O-O e6 13. Qe2 O-O-O 14. Kb1 c5
15. Ne5 Nxe5 16. dxe5 Nd7 17. f4 c4 18. Be3 c3 19. Ne4 cxb2 20. Bxa7 b6 21.
Qa6+ Qb7 22. Qc4+ Nc5 23. Rxd8+ Kxd8 24. Rd1+ Kc8 25. Nxc5 Bxc5 26. Bxb6 Qxb6
27. Rd6 Qb4 28. Rc6+ Kd7 29. Rxc5 Qe1+ 30. Kxb2 Rb8+ 31. Rb5 Rxb5+ 32. Qxb5+
Ke7 33. Qc5+ Ke8 34. Qc6+ Ke7 35. Qd6+ Ke8 36. Qb8+ Ke7 37. Qa7+ Ke8 38. Qa4+
Kd8 39. Qd4+ Ke8 40. a4 Qe2 41. a5 Qb5+ 42. Ka3 Qb1 43. Qb2 Qe1 44. c3 Qe3 45.
a6 Qc5+ 46. Qb4 Qg1 47. Qb8+ Kd7 48. Qb7+ Kd8 49. Kb2 Qf2+ 50. Kb3 Qf1 51. Qb8+
Kd7 52. Qd6+ Ke8 53. g3 Qb5+ 54. Qb4 Qd5+ 55. Ka4 Qa2+ 56. Kb5 Qd5+ 57. Qc5
Qb3+ 58. Kc6 Qb8 59. a7 Qd8 60. Kb7 Qd7+ 61. Kb8 1-0

[Event "4NCL/Div3/SLOS2 vs. ANGA1"]
[Site "Wokefield Park ENG"]
[Date "2008.01.12"]
[Round "5.6"]
[White "Cook, Michael"]
[Black "Edgell, Ben P"]
[Result "1/2-1/2"]
[WhiteElo "2105"]
[BlackElo "2092"]
[PlyCount "44"]
[EventDate "2008.01.12"]
[EventCountry "ENG"]
[SourceDate "2007.09.15"]

1. d4 Nf6 2. Nf3 e6 3. c4 b6 4. a3 Bb7 5. Nc3 Be7 6. d5 O-O 7. e4 d6 8. Be2 a5
9. b3 exd5 10. exd5 Nfd7 11. Be3 Bf6 12. Rc1 Ne5 13. O-O Nxf3+ 14. Bxf3 Be5 15.
Qd2 Nd7 16. Bd1 f5 17. f4 Bf6 18. Bc2 g6 19. Nb5 Re8 20. Rce1 Ba6 21. Nd4 Nc5
22. Bf2 Qd7 1/2-1/2

[Event "4NCL/Div3/SLOS2 vs. ANGA1"]
[Site "Wokefield Park ENG"]
[Date "2008.01.12"]
[Round "5.7"]
[White "Linford, Charles"]
[Black "Wallis, Ian"]
[Result "1-0"]
[WhiteElo "2131"]
[BlackElo "1952"]
[PlyCount "135"]
[EventDate "2008.01.12"]
[EventCountry "ENG"]
[SourceDate "2007.09.15"]

1. e4 e5 2. Nf3 Nc6 3. d4 exd4 4. Nxd4 Bc5 5. Nxc6 Qf6 6. Qd2 dxc6 7. Nc3 Be6
8. Na4 Rd8 9. Bd3 Bb6 10. Nxb6 axb6 11. O-O Ne7 12. f4 Qd4+ 13. Kh1 f5 14. exf5
Bxf5 15. Bxf5 Qxd2 16. Bxd2 Rxd2 17. Rae1 g6 18. Bd3 Kd8 19. Re4 Rf8 20. Rfe1
Nf5 21. g4 Nd6 22. Ra4 Kd7 23. f5 gxf5 24. gxf5 c5 25. Rf1 b5 26. Rh4 c4 27.
Be4 Nxe4 28. Rxe4 Rf7 29. a4 Rd5 30. axb5 Rfxf5 31. Rxf5 Rxf5 32. Rd4+ Ke6 33.
b6 cxb6 34. Rxc4 Rc5 35. Rb4 b5 36. c3 Rg5 37. h4 Rf5 38. Kg2 Kd6 39. Kg3 Kc5
40. Kg4 Rd5 41. Rf4 Kc6 42. Rf6+ Kc5 43. Rf7 h5+ 44. Kf4 Rd2 45. b4+ Kc4 46.
Rc7+ Kb3 47. Rc5 Rd7 48. Kg5 b6 49. Rxb5 Rd6 50. Rf5 Kxc3 51. b5 Kc4 52. Kxh5
Rd1 53. Kg6 Rg1+ 54. Kf7 Rh1 55. h5 Kb4 56. Kg6 Rg1+ 57. Rg5 Rd1 58. h6 Rd6+
59. Kg7 Rd7+ 60. Kg8 Rd1 61. Rh5 Rg1+ 62. Kf7 Rf1+ 63. Ke7 Re1+ 64. Kd7 Rd1+
65. Kc7 Rf1 66. Kxb6 Rf6+ 67. Ka7 Rf7+ 68. Ka6 1-0

[Event "4NCL/Div3/SLOS2 vs. ANGA1"]
[Site "Wokefield Park ENG"]
[Date "2008.01.12"]
[Round "5.8"]
[White "Egorova, Anna"]
[Black "Purton, Ben J"]
[Result "0-1"]
[WhiteElo "1950"]
[BlackElo "2112"]
[PlyCount "90"]
[EventDate "2008.01.12"]
[EventCountry "ENG"]
[SourceDate "2007.09.15"]

1. e4 d6 2. d4 Nf6 3. Nc3 c6 4. Be2 Qa5 5. Bd2 e5 6. Nf3 Bg4 7. dxe5 dxe5 8.
Nd5 Qd8 9. Nxf6+ gxf6 10. Nh4 Be6 11. Nf5 Rg8 12. Bf3 Na6 13. a3 Qb6 14. b4 Rd8
15. O-O Bxf5 16. exf5 Bh6 17. Bh5 Bxd2 18. Qf3 Qd4 19. h3 Qd5 20. Rad1 Qxf3 21.
Bxf3 Nc7 22. Be4 Ke7 23. Kh2 Nb5 24. Bd3 Bc3 25. a4 Nd6 26. f3 Bxb4 27. Rf2 Bc5
28. Rfd2 Be3 29. Re2 Nxf5 30. g4 Bf4+ 31. Kg1 Nd4 32. Re4 Nxf3+ 33. Kf2 Ng5 34.
Rb4 b6 35. Kg2 h5 36. Be2 Rxd1 37. Bxd1 hxg4 38. Bxg4 c5 39. Rb3 f5 40. Bxf5
Ne6+ 41. Kf2 Nd4 42. Bh7 Rg7 43. Rd3 Rxh7 44. c3 e4 45. Rd1 e3+ 0-1

[Event "4NCL/Div3/NWE2 vs. JUTK"]
[Site "Wokefield Park ENG"]
[Date "2008.01.12"]
[Round "5.1"]
[White "Kennaugh, Charles W"]
[Black "Williams, Simon K"]
[Result "0-1"]
[WhiteElo "2290"]
[BlackElo "2482"]
[PlyCount "144"]
[EventDate "2008.01.12"]
[EventCountry "ENG"]
[SourceDate "2007.09.15"]

1. e4 e6 2. d4 d5 3. Nc3 Bb4 4. e5 Ne7 5. Bd2 b6 6. a3 Bxc3 7. Bxc3 Ba6 8. Bxa6
Nxa6 9. Qd3 Nb8 10. Ne2 c5 11. f4 Nbc6 12. O-O Qc7 13. Bd2 Nxd4 14. Nxd4 cxd4
15. Qxd4 Nf5 16. Qa4+ Qd7 17. Qxd7+ Kxd7 18. c3 h5 19. Rfd1 Rac8 20. Kf2 f6 21.
b3 fxe5 22. fxe5 Rhf8 23. Ke2 Nh4 24. c4 Rf5 25. cxd5 exd5 26. Kd3 Ng6 27. Bc3
Nf4+ 28. Kd2 Nxg2 29. Rf1 Nf4 30. e6+ Kxe6 31. Rae1+ Kd7 32. Bxg7 Rg5 33. Rxf4
Rxg7 34. Rf5 h4 35. Rxd5+ Kc6 36. Rd4 Kb7 37. Re2 Rh8 38. Rde4 Rd8+ 39. Kc2
Rc7+ 40. Kb2 h3 41. R4e3 Rh8 42. a4 a5 43. Rc2 Rg7 44. Ree2 Ka6 45. Rf2 Rh4 46.
Rfd2 Rhg4 47. Rd3 Rh4 48. Rdd2 Rhh7 49. Re2 Re7 50. Ka3 Reg7 51. Re3 Rg1 52.
Rcc3 Rhg7 53. b4 Ra1+ 54. Kb2 axb4 55. Rcd3 Rxa4 56. Rxh3 Rg2+ 57. Kb1 Raa2 58.
Rb3 Rae2 59. Ka1 Ka5 60. Rh4 Rg1+ 61. Rb1 Rxb1+ 62. Kxb1 Re3 63. Rc4 Ka4 64.
Kb2 Rb3+ 65. Ka2 Rh3 66. Kb1 Rxh2 67. Rg4 Ka3 68. Rg3+ b3 69. Rg1 b5 70. Ka1 b4
71. Rf1 Rh3 72. Kb1 b2 0-1

[Event "4NCL/Div3/NWE2 vs. JUTK"]
[Site "Wokefield Park ENG"]
[Date "2008.01.12"]
[Round "5.2"]
[White "Cooley, Chris"]
[Black "Tebb, David J"]
[Result "0-1"]
[WhiteElo "2275"]
[BlackElo "2209"]
[PlyCount "42"]
[EventDate "2008.01.12"]
[EventCountry "ENG"]
[SourceDate "2007.09.15"]

1. e4 e5 2. Nf3 Nc6 3. Bc4 Nf6 4. d3 Be7 5. c3 O-O 6. Nbd2 d5 7. Bb3 dxe4 8.
dxe4 Bg4 9. h3 Bh5 10. Qe2 Bc5 11. Nf1 Bg6 12. Bc2 Nh5 13. Bg5 Nf4 14. Bxd8
Raxd8 15. Qd2 Nxg2+ 16. Kd1 Rxd2+ 17. N3xd2 Bxf2 18. Ba4 Nf4 19. Nh2 Be3 20.
Nhf3 Rd8 21. Bc2 Bh5 0-1

[Event "4NCL/Div3/NWE2 vs. JUTK"]
[Site "Wokefield Park ENG"]
[Date "2008.01.12"]
[Round "5.4"]
[White "Naylor, John"]
[Black "Ociepka, Adrian"]
[Result "1-0"]
[WhiteElo "2203"]
[BlackElo "2095"]
[PlyCount "51"]
[EventDate "2008.01.12"]
[EventCountry "ENG"]
[SourceDate "2007.09.15"]

1. e4 e5 2. Nf3 Nc6 3. d4 exd4 4. Nxd4 Nf6 5. Nxc6 bxc6 6. Bd3 d5 7. e5 Nd7 8.
O-O Be7 9. f4 Nc5 10. f5 O-O 11. f6 gxf6 12. Bh6 Nxd3 13. Qxd3 Qd7 14. exf6
Bc5+ 15. Kh1 Re8 16. h3 Bd6 17. Qd2 Re5 18. Nc3 Rh5 19. Bf4 Ba6 20. Rf3 Bf8 21.
g4 Rh4 22. Qf2 Rh6 23. Bxh6 Bxh6 24. Qh4 Bf8 25. Rf5 d4 26. Rg5+ 1-0

[Event "4NCL/Div3/NWE2 vs. JUTK"]
[Site "Wokefield Park ENG"]
[Date "2008.01.12"]
[Round "5.5"]
[White "Burke, John"]
[Black "Rich, Mark"]
[Result "0-1"]
[WhiteElo "2083"]
[BlackElo "2173"]
[Annotator "Armstrong,Malcolm"]
[PlyCount "66"]
[EventDate "2008.01.12"]
[EventCountry "ENG"]
[SourceDate "2007.09.15"]

1. f4 c5 2. Nf3 g6 3. e3 Bg7 4. Be2 d6 5. O-O e5 6. fxe5 dxe5 7. d4 e4 8. Nfd2
f5 9. c3 cxd4 10. cxd4 Be6 11. b3 Nc6 12. Bb2 Nge7 13. Nc3 O-O 14. Qe1 a6 15.
h4 b5 16. h5 Nb4 17. Qg3 Nc2 18. Kh1 Nxa1 19. Rxa1 Rc8 20. Bd1 f4 21. exf4 Nf5
22. Qe1 e3 23. Nde4 Bxd4 24. Ng5 Re8 25. Bf3 Qa5 26. Rc1 b4 27. Na4 Bxb2 28.
Rxc8 Bxc8 29. Nxb2 Qc5 30. Nc4 Qd4 31. hxg6 hxg6 32. g3 e2 33. Kg2 Kg7 {time}
0-1

[Event "4NCL/Div3/NWE2 vs. JUTK"]
[Site "Wokefield Park ENG"]
[Date "2008.01.12"]
[Round "5.6"]
[White "Donovan, Nigel"]
[Black "Duckers, Harvey L"]
[Result "1/2-1/2"]
[WhiteElo "2129"]
[BlackElo "2090"]
[PlyCount "70"]
[EventDate "2008.01.12"]
[EventCountry "ENG"]
[SourceDate "2007.09.15"]

1. e4 e5 2. Bc4 Nc6 3. Nf3 d6 4. d4 Be7 5. Nc3 Nf6 6. h3 O-O 7. Be3 exd4 8.
Nxd4 Re8 9. O-O Bf8 10. Bg5 h6 11. Bh4 Ne5 12. Bb3 c6 13. f4 Ng6 14. Bxf6 Qxf6
15. e5 Qh4 16. e6 fxe6 17. f5 Ne5 18. Bxe6+ Bxe6 19. Nxe6 Qe7 20. Qd4 b6 21.
Rad1 Nf7 22. Rfe1 d5 23. Nxf8 Qxf8 24. Re6 Rxe6 25. fxe6 Ng5 26. Qe5 Re8 27.
Qc7 Qc5+ 28. Kh1 Nxe6 29. Qxa7 b5 30. Qxc5 Nxc5 31. Rd2 Re5 32. Re2 Rxe2 33.
Nxe2 Ne6 34. Kg1 Kf7 35. Kf2 Kf6 1/2-1/2

[Event "4NCL/Div3/NWE2 vs. JUTK"]
[Site "Wokefield Park ENG"]
[Date "2008.01.12"]
[Round "5.7"]
[White "Morrison, Lynne"]
[Black "Wilson, Alexandra"]
[Result "1/2-1/2"]
[WhiteElo "1929"]
[BlackElo "2070"]
[PlyCount "142"]
[EventDate "2008.01.12"]
[EventCountry "ENG"]
[SourceDate "2007.09.15"]

1. d4 Nf6 2. Nf3 g6 3. Bg5 Bg7 4. c3 O-O 5. Nbd2 d5 6. e3 Nbd7 7. Bd3 c5 8. O-O
Re8 9. Re1 b6 10. e4 dxe4 11. Nxe4 Bb7 12. Nxf6+ exf6 13. Rxe8+ Qxe8 14. Be3
Qe7 15. dxc5 Nxc5 16. Be2 Rd8 17. Nd4 f5 18. Bf3 Be4 19. Qe2 Qb7 20. Rd1 Be5
21. h3 Re8 22. Nb5 Bxf3 23. Qxf3 Qxf3 24. gxf3 a6 25. Nd4 Rd8 26. Kf1 f4 27.
Bc1 Ne6 28. Ke2 Nxd4+ 29. cxd4 Rxd4 30. Rg1 h5 31. b3 Rd5 32. Rg5 Rc5 33. Bd2
Kg7 34. Kd3 Kf6 35. Rg1 Rd5+ 36. Ke2 g5 37. Rc1 Kf5 38. Rc6 Bd4 39. Bb4 a5 40.
Bf8 f6 41. Bd6 b5 42. Bc7 a4 43. bxa4 bxa4 44. Bd6 Rb5 45. Ba3 Re5+ 46. Kf1 g4
47. hxg4+ hxg4 48. Rc4 Rd5 49. Kg2 Be5 50. fxg4+ Kxg4 51. f3+ Kf5 52. Rc2 Bd4
53. Rd2 Ke5 54. Bb2 Bxb2 55. Rxb2 a3 56. Rc2 Rb5 57. Rc8 Rb2+ 58. Kh3 Rxa2 59.
Ra8 Ra1 60. Kg4 Rg1+ 61. Kh5 Ra1 62. Kg6 Kd4 63. Ra4+ Ke3 64. Kf5 a2 65. Ra3+
Kd2 66. Kxf4 Kc2 67. Ra6 Kb2 68. Rb6+ Ka3 69. Ra6+ Kb3 70. Rb6+ Kc4 71. Ra6 Kb3
1/2-1/2

[Event "4NCL/Div3/NWE2 vs. JUTK"]
[Site "Wokefield Park ENG"]
[Date "2008.01.12"]
[Round "5.8"]
[White "Rice, Chris"]
[Black "Coates, Christine"]
[Result "1-0"]
[WhiteElo "2099"]
[BlackElo "1490"]
[PlyCount "83"]
[EventDate "2008.01.12"]
[EventCountry "ENG"]
[SourceDate "2007.09.15"]

1. c4 c6 2. g3 d5 3. Bg2 Nf6 4. Nf3 dxc4 5. a4 Bf5 6. Na3 Nbd7 7. Nxc4 e6 8.
O-O Be7 9. d3 h6 10. Bf4 O-O 11. a5 Nd5 12. Bxh6 gxh6 13. e4 Bg6 14. exd5 cxd5
15. Nce5 Bf6 16. Ng4 Kg7 17. Qd2 Bg5 18. Qc3+ Bf6 19. Qb4 Bxd3 20. Rfe1 Be4 21.
Rad1 b6 22. Qd2 Bg5 23. Nxg5 Qxg5 24. Qxg5+ hxg5 25. Bxe4 dxe4 26. Rxd7 bxa5
27. Rxe4 Rac8 28. Rxe6 Rce8 29. Rxe8 Rxe8 30. Rxa7 Re1+ 31. Kg2 Ra1 32. Ne5 Kf6
33. Nc4 a4 34. b3 Ke6 35. Rxa4 Rb1 36. Nd2 Rb2 37. Rd4 Ke5 38. Nc4+ Kxd4 39.
Nxb2 Kc3 40. h4 gxh4 41. gxh4 Kxb2 42. b4 1-0

[Event "4NCL/Div3/FCA1 vs. MIN"]
[Site "Wokefield Park ENG"]
[Date "2008.01.12"]
[Round "5.1"]
[White "Hetey, Laszlo"]
[Black "Ackley, Peter"]
[Result "1-0"]
[WhiteElo "2339"]
[BlackElo "2139"]
[PlyCount "43"]
[EventDate "2008.01.12"]
[EventCountry "ENG"]
[SourceDate "2007.09.15"]

1. d4 h6 2. c4 g5 3. e4 Bg7 4. Nc3 c5 5. Nge2 Nc6 6. d5 Ne5 7. Ng3 d6 8. h4
gxh4 9. Nh5 Bf6 10. Nxf6+ Nxf6 11. Rxh4 Qa5 12. Qe2 b5 13. cxb5 c4 14. Qc2 a6
15. b6 Qxb6 16. Be3 Qb7 17. Rxh6 Rg8 18. Bd4 Nd3+ 19. Bxd3 cxd3 20. Qxd3 Rxg2
21. Rh8+ Rg8 22. Bxf6 1-0

[Event "4NCL/Div3/FCA1 vs. MIN"]
[Site "Wokefield Park ENG"]
[Date "2008.01.12"]
[Round "5.2"]
[White "Parker, Robert"]
[Black "Tippleston, Charles"]
[Result "1/2-1/2"]
[WhiteElo "2092"]
[BlackElo "2172"]
[PlyCount "49"]
[EventDate "2008.01.12"]
[EventCountry "ENG"]
[SourceDate "2007.09.15"]

1. d4 d5 2. c4 c6 3. Nf3 Nf6 4. cxd5 cxd5 5. Nc3 Nc6 6. Bf4 a6 7. e3 Bg4 8. Rc1
Rc8 9. Bd3 e6 10. O-O Bd6 11. Bxd6 Qxd6 12. h3 Bxf3 13. Qxf3 O-O 14. Bb1 Nd7
15. Rfd1 f5 16. Ne2 Nf6 17. Nf4 Ne7 18. Rxc8 Rxc8 19. Nd3 Nd7 20. Qf4 Qxf4 21.
Nxf4 Kf7 22. Kf1 g5 23. Nd3 Kf6 24. Ke2 Rc6 25. Kd2 1/2-1/2

[Event "4NCL/Div3/FCA1 vs. MIN"]
[Site "Wokefield Park ENG"]
[Date "2008.01.12"]
[Round "5.3"]
[White "Apetrei, Florin"]
[Black "Almond, Richard"]
[Result "1/2-1/2"]
[WhiteElo "2183"]
[BlackElo "2107"]
[PlyCount "83"]
[EventDate "2008.01.12"]
[EventCountry "ENG"]
[SourceDate "2007.09.15"]

1. d4 d5 2. c4 e6 3. Nc3 Nf6 4. Nf3 Be7 5. g3 O-O 6. Bg2 c6 7. O-O Nbd7 8. b3
b6 9. Bb2 Bb7 10. Rc1 Rc8 11. Nd2 c5 12. cxd5 exd5 13. Nf3 Re8 14. e3 Ba6 15.
Re1 cxd4 16. Nxd4 Nc5 17. Bf1 Bxf1 18. Rxf1 Qd7 19. Kg2 Nce4 20. Nf3 Bb4 21.
Ne2 Qd6 22. Rxc8 Rxc8 23. Bxf6 Nxf6 24. Qd3 h6 25. Rd1 Qe7 26. Nf4 Rd8 27. h4
Bd6 28. Ne2 Bc5 29. Qf5 Re8 30. Nc3 Qe6 31. Qd3 Rd8 32. Qb5 Ne4 33. Nxe4 Qxe4
34. Qd3 Qe6 35. Kg1 Rd7 36. Qa6 Rc7 37. a3 Bxe3 38. Re1 Rc1 39. Rxc1 Bxc1 40.
Qxa7 Bb2 41. Qa4 d4 42. Qc4 1/2-1/2